[Event "Mecklenburg VP-ch U10"]
[Site "Malchow"]
[Date "2015.02.02"]
[Round "4.1"]
[White "Bress, Aaron"]
[Black "Kraemer, Bruno"]
[Result "1-0"]
[WhiteElo "1365"]
[BlackElo "780"]
[PlyCount "43"]
[EventDate "2015.01.31"]
[EventType "swiss"]
[EventRounds "7"]
[EventCountry "GER"]
[SourceTitle "EXT 2022"]
[Source "ChessBase"]
[SourceDate "2021.10.06"]
[SourceVersion "1"]
[SourceVersionDate "2021.10.06"]
[SourceQuality "1"]

1. e4 e5 2. Nf3 Nc6 3. Bb5 Nf6 4. 0-0 Bc5 5. c3 0-0 6. d4 exd4 7. cxd4 Bb4 8. a3 Be7 9. Nc3 a6 10. Ba4 d6 11. Bg5 b5 12. Bc2 Bg4 13. Kh1 Bxf3 14. gxf3 Re8 15. Rg1 h6 16. Bxh6 g6 17. Be3 Qd7 18. Qf1 Rab8 19. Ne2 d5 20. e5 Nh7 21. Qg2 Bh4 22. f4 1-0

[Event "Mecklenburg VP-ch U10"]
[Site "Malchow"]
[Date "2014.02.03"]
[Round "5"]
[White "Kraemer, Bruno"]
[Black "Wucherer, Sophie"]
[Result "0-1"]
[WhiteElo "766"]
[BlackElo "950"]
[PlyCount "102"]
[EventDate "2014.02.01"]
[EventType "swiss"]
[EventRounds "7"]
[EventCountry "GER"]
[SourceTitle "EXT 2017"]
[Source "ChessBase"]
[SourceDate "2016.10.25"]
[SourceVersion "1"]
[SourceVersionDate "2016.10.25"]
[SourceQuality "1"]

1. e4 e6 2. d4 d6 3. Nf3 g6 4. Bc4 Bg7 5. 0-0 b6 6. Nc3 Bb7 7. Bg5 Nf6 8. Bb5+ Nc6 9. Qe2 a6 10. Bxc6+ Bxc6 11. Rad1 0-0 12. e5 h6 13. Bxf6 Bxf6 14. exf6 Qxf6 15. Ne4 Qe7 16. Qe3 Kg7 17. Qc3 Bxe4 18. Rfe1 Bb7 19. Qe3 Rad8 20. Rd3 Rfe8 21. Qf4 Qd7 22. Rc3 Re7 23. Qh4 h5 24. Re4 Bxe4 25. Qxe4 Rde8 26. Ng5 Qb5 27. Rb3 Qxg5 28. h4 Qd5 29. Qe3 e5 30. Rb4 exd4 31. Rxd4 Rxe3 32. Rxd5 R3e5 33. Rxe5 Rxe5 34. f4 Re2 35. Kf1 Rxc2 36. b3 Rxa2 37. b4 Kf6 38. g3 Kf5 39. Kg1 Kg4 40. Kf1 Kxg3 41. Ke1 f5 42. Kf1 Kf3 43. Ke1 Rh2 44. Kd1 b5 45. Ke1 c5 46. bxc5 dxc5 47. Kd1 Ke3 48. Kc1 Kd3 49. Kb1 Kc3 50. Ka1 Kb3 51. Kb1 Rh1# 0-1

[Event "Mecklenburg VP-ch U10"]
[Site "Malchow"]
[Date "2014.02.01"]
[Round "1"]
[White "Kraemer, Bruno"]
[Black "Bress, Aaron"]
[Result "0-1"]
[WhiteElo "766"]
[BlackElo "1117"]
[PlyCount "64"]
[EventDate "2014.02.01"]
[EventType "swiss"]
[EventRounds "7"]
[EventCountry "GER"]
[SourceTitle "EXT 2017"]
[Source "ChessBase"]
[SourceDate "2016.10.25"]
[SourceVersion "1"]
[SourceVersionDate "2016.10.25"]
[SourceQuality "1"]

1. e4 c6 2. d4 d5 3. exd5 cxd5 4. Bb5+ Nc6 5. Bxc6+ bxc6 6. Nf3 Nf6 7. 0-0 Bf5 8. Ne5 Qc7 9. Bf4 Qb6 10. Nc3 e6 11. Na4 Qb7 12. Nc5 Bxc5 13. dxc5 0-0 14. Qf3 Bxc2 15. Qg3 Bg6 16. Nxg6 fxg6 17. Bd6 Rfe8 18. Be5 Ne4 19. Qe3 Qb5 20. Bd4 e5 21. Bc3 Qxc5 22. Qxc5 Nxc5 23. Rfe1 e4 24. Bd4 Nd3 25. Red1 c5 26. Rxd3 exd3 27. Bxc5 Rac8 28. Bxa7 d2 29. h3 Rc1+ 30. Rxc1 dxc1Q+ 31. Kh2 Qc7+ 32. Kg1 Re1# 0-1